[Event "42nd GRE-ch Women 2019"]
[Site "Thessaloniki"]
[Date "2019.11.28"]
[Round "9.3"]
[White "Markantonaki, Haritomeni"]
[Black "Vozinaki, Anthi - Maria"]
[Result "1/2-1/2"]
[WhiteElo "2178"]
[BlackElo "1878"]
[Annotator "TA"]
[PlyCount "159"]
[EventDate "2019.11.20"]
[EventType "tourn"]
[EventCountry "GRE"]
[SourceTitle "playchess.com"]
[Source "ChessBase"]
[SourceQuality "1"]

{[%evp 20,159,77,72,85,31,31,31,29,46,50,27,22,39,18,17,12,12,38,31,31,28,13,0,0,0,4,4,4,4,2,8,9,9,93,93,118,118,124,119,131,170,144,110,109,109,112,112,240,224,220,202,234,214,230,214,199,178,178,178,178,178,434,393,334,301,258,22,178,178,178,24,26,12,12,12,12,12,12,12,12,12,12,12,12,12,12,12,12,12,12,8,12,12,12,8,12,12,12,8,12,12,12,12,12,12,12,12,12,12,12,12,12,12,12,12,12,8,8,8,8,0,0,0,0,0,0,0,0,0,0,-8,0,0,0,0,0,0,0,0,0,-8]} 1. e4 c5 2. Nf3 e6 3. d4 cxd4 4. Nxd4 Nf6 5. Nc3 d6 6. g4 h6 7. h4 Nc6 8. Rg1 h5 9. gxh5 Nxh5 10. Bg5 Nf6 11. Qd2 Qb6 {B81: Sicilian Scheveningen: Keres Attack} 12. Nxc6 ({White should play} 12. Nb3 $16) (12. Nb3 a6 13. O-O-O Bd7 14. Be2 Qc7 15. h5 Nxh5 16. Rh1 g6 17. Bxh5 gxh5 18. Qe2 Be7 19. Bxe7 Nxe7 20. Rxh5 O-O-O 21. Rxh8 Rxh8 {½-½ (37) Kryvoruchko,Y (2697)-Kulaots,K (2573) Abu Dhabi 2015}) 12... bxc6 $14 13. O-O-O Rb8 {[%csl Gb8][%cal Rb6b2] [#] White is slightly better.} 14. b3 Nd7 15. Na4 $146 (15. h5 $5) ({Predecessor:} 15. Rg3 Qb4 16. Kb1 a5 17. Rd3 Ne5 18. Rg3 f6 19. Bf4 {½-½ (61) Nunez Vallina,J (2370)-Veingold,A (2465) Spain 1993}) 15... Qb4 16. Qxb4 Rxb4 17. c4 f6 18. Bd2 Rxa4 19. bxa4 Rxh4 20. f3 Ne5 21. Be2 $36 {[%mdl 2048] White has good play.} Ba6 $1 22. Rh1 Rxh1 23. Rxh1 Bxc4 24. Bxc4 Nxc4 $11 {[%mdl 4096] Endgame KRB-KBN} 25. Kc2 d5 26. Bc3 Kf7 (26... c5 $11) 27. Kd3 $16 {[%mdl 1024] White has strong compensation.} e5 28. Rb1 Ke6 29. Rb7 a5 30. Rc7 Kd6 31. Rf7 Be7 32. Rxg7 Bd8 33. Rb7 Kc5 (33... Bc7 $16 {was necessary.} 34. Ra7 Bb6) 34. Rb8 $18 Be7 35. exd5 Kxd5 36. Ra8 f5 37. Bxa5 Nb2+ 38. Kc2 Nxa4 39. Bd8 Bxd8 40. Rxd8+ {KR-KN} Kc5 $2 (40... Kc4 {might work better.} 41. Ra8 Nc3) 41. Kb3 Nb6 42. a4 Nc4 43. Kc3 $2 (43. Rf8 $18) 43... e4 $2 (43... Nb6 $1 $11 {and Black stays safe.}) 44. fxe4 fxe4 45. Re8 $2 ({Better is} 45. Rb8 $18) 45... e3 $1 $11 46. a5 Nxa5 {The position is equal.} 47. Re5+ Kb6 48. Rxe3 Nb7 49. Kd4 Nd6 {[#] ...Nf5+ is the strong threat.} 50. Rb3+ Kc7 51. Rb1 Nb7 52. Ke5 Nc5 53. Rh1 Nd7+ 54. Ke6 {White threatens Rh7! and mate.} Nc5+ 55. Ke7 Nd7 56. Rh5 Nb6 57. Rh7 Nd5+ 58. Ke6+ Kb6 59. Kd6 Nc3 60. Rh6 Ne4+ 61. Ke5 Nc5 62. Rh1 Kc7 63. Ra1 (63. Rb1 {is interesting.} Nb7 64. Ra1 Nc5 65. Ra2 Nb7 66. Rd2) 63... Nb7 64. Rc1 Kd7 65. Rc2 (65. Rd1+ {keeps more tension.} Kc7 66. Kd4 Nd8 67. Rh1 Nb7 68. Ra1) 65... Nd8 66. Rb2 Kc7 67. Kf6 Nb7 68. Ra2 Kd6 69. Ra7 Nc5 70. Kf7 Nd7 71. Ke8 Ne5 72. Kd8 c5 {( -> ...Nc6+)} 73. Ra6+ Kd5 74. Kc7 c4 75. Ra5+ Ke4 76. Kd6 Nd3 77. Ra4 Kd4 78. Kc6 Ne5+ 79. Kb5 Kd3 80. Rxc4 {Accuracy: White = 59%, Black = 60%.} 1/2-1/2

[Event "42nd GRE-ch Women 2019"]
[Site "Thessaloniki"]
[Date "2019.11.28"]
[Round "9.4"]
[White "Serefidou, Despina"]
[Black "Makka, Evanthia"]
[Result "1-0"]
[WhiteElo "1899"]
[BlackElo "2059"]
[Annotator "NA RC"]
[PlyCount "111"]
[EventDate "2019.11.20"]
[EventType "tourn"]
[EventCountry "GRE"]
[SourceTitle "playchess.com"]
[Source "ChessBase"]
[SourceQuality "1"]
[TimeControl "40/5400+30:1800+30"]

{[%evp 15,97,-16,32767,32767,32767,32767,32767,-10,-21,-12,-6,-20,0,32767,32767,32767,32767,51,54,32767,32,0,32767,32767,32767,32767,32767,32767,32767,32767,32767,32767,11,-36,7,0,64,33,30,4,18,9,19,22,32,20,36,38,58,45,81,29,197,93,104,86,102,54,61,40,56,51,170,163,168,186,196,216,32767,32767,273,32767,32767,32767,32767,32767,32767,32767,32767,205,210,258,316,377]} 1. e4 {[%emt 0:00:00]} d5 {[%emt 0:00:00]} 2. exd5 {[%emt 0:00:00]} Qxd5 {[%emt 0:00:00]} 3. Nc3 {[%emt 0:00:00]} Qd6 {[%emt 0:00:00]} 4. d4 {[%emt 0:02:15]} Nf6 {[%emt 0:00:34]} 5. Nf3 {[%emt 0:02:26]} g6 {[%emt 0:00:12]} 6. Bc4 {[%emt 0:23:04]} Bg7 {[%emt 0:08:18]} 7. Ne5 {[%emt 0:03:24] B01: Scandinavian Defence} (7. h3 O-O 8. O-O a6 9. a4 c5 10. d5 Nbd7 11. Qe2 Nb6 12. Rd1 Nxc4 13. Qxc4 Bf5 14. Be3 Rfc8 15. a5 b5 16. axb6 Qxb6 17. Na4 Qb5 18. Qxb5 {½-½ (18) Zhigalko,S (2641)-Rakhmanov,A (2653) Riadh 2017}) 7... O-O {[%emt 0:04:45]} 8. Be3 {[%emt 0:16:21]} ({White should try} 8. O-O $14) 8... c6 $146 {[%emt 0:11:36]} ({Predecessor:} 8... a6 9. Bb3 Nc6 10. Nc4 Qd8 11. f3 b5 12. Ne5 Na5 13. Qd2 Nxb3 14. axb3 {1-0 (47) Bossov,A (2195)-Grimberg,B (2307) Bayern 2015}) 9. a4 {[%emt 0:05:33]} Nbd7 {[%emt 0:04:40]} 10. f4 {[%emt 0:10:28]} Nb6 {[%emt 0:01:56]} 11. Bb3 {[%emt 0:01:34]} Nbd5 {[%emt 0:03:09]} 12. Nxd5 {[%emt 0:01:06]} Nxd5 {[%emt 0:00:00]} 13. Bd2 {[%emt 0:00:52]} Be6 {[%emt 0:05:09]} 14. O-O {[%emt 0:08:40]} Nc7 {[%emt 0:04:19]} 15. c3 {[%emt 0:02:23]} b6 {[%emt 0:03:29]} 16. Bxe6 {[%emt 0:05:14]} Nxe6 {[%emt 0:00:36]} 17. Be3 {[%emt 0:12:41]} Rac8 {[%emt 0:05:12]} 18. Qg4 {[%emt 0:01:51]} Nc7 {[%emt 0:07:23]} 19. Rae1 {[%emt 0:00:22]} e6 {[%emt 0:00:58]} 20. Qf3 {[%emt 0:00:36]} Nd5 {[%emt 0:01:28]} 21. Bf2 {[%emt 0:00:56]} Ne7 {[%emt 0:02:29]} 22. g4 {[%emt 0:00:16]} Qd5 {[%emt 0:05:04]} 23. Bh4 {[%emt 0:00:34]} Rfe8 {[%emt 0:11:07]} 24. Qh3 {[%emt 0:00:42]} f6 {[%emt 0:04:55]} 25. Nd3 {[%emt 0:00:19]} g5 {[%emt 0:00:35]} (25... Qc4 $11) 26. Bf2 {[%emt 0:00:41]} Ng6 {[%emt 0:00:35]} 27. Qe3 {[%emt 0:00:28]} Rcd8 {[%emt 0:00:32]} 28. Nb4 {[%emt 0:00:18]} gxf4 {[%emt 0:01:18]} 29. Nxd5 {[%emt 0:00:44]} fxe3 {[%emt 0:00:06]} 30. Nxe3 {[%emt 0:00:04]} Bh6 {[%emt 0:03:08]} 31. Bg3 {[%emt 0:00:14]} Bg5 {[%emt 0:00:36]} 32. Nc4 {[%emt 0:00:25]} Kg7 {[%emt 0:01:04]} 33. Re2 {[%emt 0:00:55]} (33. a5 $16) 33... c5 $2 {[%emt 0:02:12]} (33... Bh4 $14) 34. dxc5 {[%emt 0:00:01]} ({Better is} 34. Nd6 $18) 34... bxc5 {[%emt 0:00:15]} 35. Nd6 {[%emt 0:00:52]} Re7 {[%emt 0:07:26]} 36. Ne4 {[%emt 0:00:21]} c4 {[%emt 0:00:28]} 37. Nd6 {[%emt 0:00:40]} Kg8 {[%emt 0:01:15]} 38. Nxc4 {[%emt 0:00:32]} Rd3 {[%emt 0:00:46] [#]} (38... e5 $14) 39. Nd6 $1 {[%emt 0:01:01]} e5 {[%emt 0:01:06]} 40. Ne4 {[%emt 0:00:00]} Kg7 {[%emt 0:00:00]} 41. Nxg5 {[%emt 0:01:55]} fxg5 {[%emt 0:01:12]} 42. Rf5 {[%emt 0:00:49]} Kh6 {[%emt 0:04:49]} (42... h6 $142 43. Bxe5+ Nxe5) 43. Bxe5 {[%emt 0:15:12]} Rd5 {[%emt 0:12:46]} 44. Bf6 {[%emt 0:00:42]} Rxf5 {[%emt 0:00:23]} 45. Bxe7 {[%emt 0:00:53]} Rf4 {[%emt 0:00:21]} 46. a5 {[%emt 0:10:01]} Rxg4+ {[%emt 0:00:20]} 47. Kf2 {[%emt 0:01:28]} Nf4 {[%emt 0:03:17]} 48. Kf3 {[%emt 0:00:32]} Rg1 {[%emt 0:01:34]} 49. Rd2 $18 {[%emt 0:02:49]} Kh5 {[%emt 0:06:04]} 50. Bc5 {[%emt 0:00:34]} Rf1+ {[%emt 0:00:47]} 51. Ke4 {[%emt 0:00:25]} Kg4 {[%emt 0:01:03]} 52. Bxa7 {[%emt 0:00:36]} Re1+ {[%emt 0:00:18]} 53. Kd4 {[%emt 0:00:40]} Kf5 {[%emt 0:01:38]} 54. Bb8 {[%emt 0:00:29]} Re4+ {[%emt 0:02:01]} 55. Kc5 {[%emt 0:00:18]} Ne6+ {[%emt 0:01:05]} 56. Kb6 {[%emt 0:00:17]} 1-0

[Event "42nd GRE-ch Women 2019"]
[Site "Thessaloniki"]
[Date "2019.11.28"]
[Round "9.5"]
[White "Makka, Ioulia"]
[Black "Stefanidi, Maria-Anna"]
[Result "1/2-1/2"]
[WhiteElo "2048"]
[BlackElo "2012"]
[Annotator "NA RC"]
[PlyCount "84"]
[EventDate "2019.11.20"]
[EventType "tourn"]
[EventCountry "GRE"]
[SourceTitle "playchess.com"]
[Source "ChessBase"]
[SourceQuality "1"]
[TimeControl "40/5400+30:1800+30"]

{[%evp 19,82,7,-11,-52,-21,-72,-60,32767,32767,32767,32767,32767,32767,32767,32767,32767,32767,32767,-22,-70,-15,-55,-18,-82,-82,-91,-1,32767,32767,32767,32767,32767,32767,32767,32767,0,32767,43,59,51,38,44,68,54,250,-45,157,-588,-147,-139,-85,-151,-148,-298,-87,-79,0,0,0,0,0,0,0,0,0]} 1. e4 {[%emt 0:00:08]} c5 {[%emt 0:06:37]} 2. Nf3 {[%emt 0:00:07]} e6 {[%emt 0:00:03]} 3. Qe2 {[%emt 0:06:56]} Nc6 {[%emt 0:00:31]} 4. c3 {[%emt 0:00:11]} d5 {[%emt 0:00:13]} 5. exd5 {[%emt 0:03:02]} Qxd5 {[%emt 0:00:07]} 6. Na3 {[%emt 0:01:34] C00: French: Unusual White 2nd moves} Nf6 {[%emt 0:01:02]} 7. d3 $146 {[%emt 0:24:27]} ({Predecessor:} 7. g3 Qd8 8. Bg2 Be7 9. O-O O-O 10. Rd1 Bd7 11. Nc2 Qa5 12. d4 {½-½ (28) Zvjaginsev,V (2643)-Tregubov,P (2589) Moscow 2017}) 7... Bd6 {[%emt 0:08:10]} 8. Ng5 {[%emt 0:11:22]} b6 {[%emt 0:13:19]} 9. Ne4 {[%emt 0:05:06]} Bb8 {[%emt 0:08:55]} 10. Nxf6+ {[%emt 0:07:54]} (10. Bh6 $5 {[%cal Rh6g7]} Nxe4 11. dxe4 $14) 10... gxf6 {[%emt 0:00:30]} 11. Nc4 {[%emt 0:02:04]} Bb7 {[%emt 0:01:04]} 12. Bd2 {[%emt 0:02:28]} Bc7 {[%emt 0:02:01]} 13. Ne3 {[%emt 0:03:16]} Qd7 {[%emt 0:00:38]} 14. Ng4 {[%emt 0:00:52]} Qe7 {[%emt 0:01:19]} 15. f4 {[%emt 0:02:24]} O-O-O {[%emt 0:02:09]} 16. O-O-O {[%emt 0:01:51]} f5 {[%emt 0:00:46]} 17. Nf2 {[%emt 0:00:43]} h5 {[%emt 0:05:30]} 18. Nh3 {[%emt 0:00:53]} a6 {[%emt 0:11:38]} 19. Ng5 {[%emt 0:01:34]} b5 {[%emt 0:00:08]} 20. Rg1 {[%emt 0:03:00]} b4 {[%emt 0:00:27]} 21. Be3 {[%emt 0:00:49]} (21. Kb1 $11) 21... bxc3 {[%emt 0:04:07]} 22. bxc3 {[%emt 0:00:06] [#]} Qf6 {[%emt 0:01:04]} ({Black should try} 22... c4 $1 $17 {[%mdl 512]} 23. Kb1 (23. dxc4 f6) 23... e5) 23. Qb2 {[%emt 0:02:58]} e5 {[%emt 0:06:37]} 24. Bxc5 {[%emt 0:01:57]} exf4 {[%emt 0:00:39]} 25. Nf3 {[%emt 0:00:29]} Rhe8 {[%emt 0:04:00]} 26. d4 {[%emt 0:02:55]} Re3 {[%emt 0:00:37]} 27. Bd3 {[%emt 0:01:47]} Ne7 {[%emt 0:04:19]} 28. Qa3 {[%emt 0:01:16]} Nd5 {[%emt 0:05:49]} 29. Rd2 {[%emt 0:01:20]} Rg8 {[%emt 0:05:47]} 30. Rgd1 {[%emt 0:02:24]} Rxd3 {[%emt 0:01:41]} 31. Rxd3 {[%emt 0:00:05]} Ne3 $2 {[%emt 0:00:05] [#]} ({Black should try} 31... a5 $14) 32. Re1 $2 {[%emt 0:04:16] [#]} ({Only move:} 32. d5 $1 $18) 32... Rxg2 $2 {[%emt 0:00:15]} (32... Be4 $1 $17 {[%cal Re4d3] and life is bright.} 33. Rd2 Nc4) 33. Nd2 $4 {[%emt 0:02:29] [#]} (33. d5 $1 $18 {is the narrow road to win.}) 33... Be4 $2 {[%emt 0:00:58]} (33... Qh4 $1 $19 {[%mdl 512]} 34. Rd1 Qg4) 34. Nxe4 {[%emt 0:03:36]} fxe4 {[%emt 0:00:06]} 35. Rdxe3 {[%emt 0:00:29]} fxe3 {[%emt 0:00:09]} 36. Qa4 $2 {[%emt 0:00:36]} (36. d5 $17) 36... Kd8 $2 {[%emt 0:03:06]} ({Resist} 36... Rxh2 37. Qe8+ Kb7 38. Qxe4+ {[%mdl 64] Double Attack} Qc6 39. Qxe3 $17) (36... Qe6 $19 {is more deadly.} 37. Kb1 f5) 37. Qc4 {[%emt 0:00:26]} Qf5 {[%emt 0:06:30]} ({Don't play} 37... Qf2 38. Qd5+ {[%mdl 64] Double Attack} Kc8 39. Qa8+ {[%mdl 64] Double Attack} Bb8 40. Qc6+ Bc7 41. Qa8+ Bb8 42. Qc6+ Bc7 43. Qa8+ $11) (37... Bxh2 $17 38. Bb4 Rf2) 38. Qxa6 {[%emt 0:00:30]} e2 {[%emt 0:00:35]} (38... Qf2 $5 39. Qa8+ $8 {[%mdl 64] [#] Double Attack} Kd7 $1 {[%mdl 512]} 40. Qd5+ Kc8 $1 {[%mdl 512]} 41. Qa8+ Bb8 42. Qc6+ Bc7 43. Qa8+ Bb8 44. Qc6+ Bc7 45. Qa8+ $11) 39. Qa8+ {[%emt 0:00:32]} Kd7 {[%emt 0:00:07]} 40. Qa4+ {[%emt 0:00:00]} Kd8 {[%emt 0:00:00]} 41. Qa8+ {[%emt 0:08:54]} Kd7 $11 {[%emt 0:04:07]} 42. Qa4+ {[%emt 0:00:30]} Kd8 {[%emt 0:00:24]} 1/2-1/2